Hasiči v Ľubotíne sa presťahovali

Bibliographic Details
Main Author: Rindoš, Peter (Author)
Format: Article
Language:Slovak
ISSN:1335-7573
Subjects:

MARC

LEADER 00000nab a2200000 ar4500
001 vtls008997921
003 SK-MaSNL
005 20260305033133.0
008 070611c20070510xo dr|n|||||||000 b|slo
038 |a SLLK 
040 |a SLLK  |b slo  |c sllk  |e AACR2 
041 0 |a slo 
044 |a xo  |c SK 
080 |a 614.842.84  |2 1997 
100 1 |a Rindoš, Peter  |4 aut  |9 668686 
245 1 0 |a Hasiči v Ľubotíne sa presťahovali  |c Peter Rindoš 
610 1 7 |a Slovensko.  |b Hasičský a záchranný zbor Stará Ľubovňa  |2 snkbucl  |9 181178 
648 7 |a 2007  |2 snkbucl  |9 313226 
650 0 7 |a hasičské stanice  |2 snkbucl  |9 1024209 
651 7 |a Ľubotín (Slovensko)  |2 sllk  |9 28859 
651 7 |a Stará Ľubovňa (Slovensko : okres)  |2 snkbucl  |9 19196 
773 0 |t Tatranský denník Korzár  |g Roč. IX, č. 106 (10. 5.2007) s. 1  |x 1335-7573 
852 |a SLLK  |b KIS3GCP 
999 |c 3323021  |d 3324951